00659nam a22001817a 4500010001500000020002500015035001400040037001300054082001400067100002200081245004800103260004400151270008500195300002100280942002500301999001900326952013200345 aENG-143685 c65.00a9788172088767 aEN-127217 bDBAD/PUB a230.3521 aRita Bruce977299 aSathya Sai Parenting cRita Bruce hEnglish aINIDIAbSai Sathya sadhana Trust c2012 aPrasanthi Nilayam, P.O. 515 134. Anantapur Dist. A.P. india bAnantapur e515134 a275p;c22CM(pbk) cENh230.352ddcmBru c208903d208903 001040708NFICaDBADbDBADd2025-01-31eDBADg65.00l0o230.35 BrupEN-127217r2025-01-31 00:00:00t 1v65.00w2025-01-31yEN